000 00566cam a22001814a 4500
005 20250605163432.0
008 250528s ||||||||||||||||||||||||d
035 _a19153
040 _aGR-AtMCL
_bgre
_dGR-AtMCL
_eAACR2
245 1 _aVocabulary for Data Processing, Telecommunications, and Office Systems / Seventh Edition
250 _a7th
260 _bIbm,
_c1981
300 _a482
520 _aPreface, Sequence of Entries, Organization of Entries, References, Selection of Terms, Source Identifiers.
942 _cBK
999 _c4430
_d4430